[Event "XIII C.to Italiano U20"]
[Site "Bratto - Castione della Presolana ITA"]
[Date "2005.08.24"]
[Round "5"]
[White "Pulcini, Giorgio"]
[Black "Drezzadore, Dario"]
[Result "0-1"]
[WhiteElo "1614"]
[BlackElo "2019"]
[PlyCount "64"]
[EventDate "2005.08.20"]

1.e4 c5 2.Bc4 d6 3.Nc3 Nf6 4.d3 g6 5.Nf3 Nc6 6.Bg5 Bg7 7.Qc1 O-O 8.O-O a6 
9.a3 b5 10.Ba2 Bg4 11.Nh4 Nd4 12.Kh1 Be6 13.f4 Bxa2 14.Nxa2 h6 15.Bxf6 
Bxf6 16.f5 Bg5 17.Qe1 Nxc2 18.Qg3 Nxa1 19.Rxa1 Bxh4 20.Qxh4 Kg7 21.g4 e6 
22.Rg1 Qxh4 23.Nc3 b4 24.axb4 cxb4 25.Ne2 Rac8 26.Nf4 Rc2 27.Ng2 Qxg4 28.
Ne3 Qf3+ 29.Ng2 Rfc8 30.fxe6 Rxg2 31.e7 Rxg1+ 32.Kxg1 Rc1# 0-1

[Event "XIII C.to Italiano U20"]
[Site "Bratto - Castione della Presolana ITA"]
[Date "2005.08.24"]
[Round "5"]
[White "Rombaldoni, Axel"]
[Black "Regorda, Massimiliano"]
[Result "1-0"]
[WhiteElo "2137"]
[BlackElo "1802"]
[PlyCount "53"]
[EventDate "2005.08.20"]

1.e4 e5 2.Nf3 Nc6 3.Bb5 g6 4.O-O Bg7 5.c3 d6 6.d4 a6 7.Bxc6+ bxc6 8.dxe5 
dxe5 9.Qa4 Ne7 10.Rd1 Bd7 11.Bh6 Bf6 12.Qa5 Rb8 13.Nxe5 Rb5 14.Nxd7 Qxd7 
15.Rxd7 Rxa5 16.Rxc7 g5 17.Nd2 Rg8 18.Ra7 Nc8 19.Ra8 Kd7 20.Nc4 Rb5 21.a4 
Rb3 22.Rxa6 Kc7 23.Rxc6+ Kxc6 24.Na5+ Kd7 25.Nxb3 Ke7 26.f4 gxf4 27.Bxf4 
1-0

[Event "XIII C.to Italiano U20"]
[Site "Bratto - Castione della Presolana ITA"]
[Date "2005.08.24"]
[Round "5"]
[White "Ronchetti, Niccolo'"]
[Black "Pulito, Alberto"]
[Result "1-0"]
[WhiteElo "2395"]
[BlackElo "2212"]
[PlyCount "53"]
[EventDate "2005.08.20"]

1.e4 c6 2.d4 d5 3.exd5 cxd5 4.c4 Nf6 5.Nc3 e6 6.Nf3 Be7 7.Bg5 O-O 8.Rc1 
Nc6 9.c5 b6 10.Bb5 Bb7 11.Bxc6 Bxc6 12.Ne5 Rc8 13.b4 bxc5 14.bxc5 Ne4 15.
Bxe7 Qxe7 16.O-O f6 17.Nxc6 Rxc6 18.Re1 Nxc3 19.Rxc3 Qc7 20.Rce3 e5 21.
dxe5 Rxc5 22.exf6 Rxf6 23.Re8+ Kf7 24.Qh5+ Rg6 25.Qxh7 Rc1 26.Qg8+ Kf6 27.
Qe6+ 1-0

[Event "XIII C.to Italiano U20"]
[Site "Bratto - Castione della Presolana ITA"]
[Date "2005.08.24"]
[Round "5"]
[White "Rorato, Giovanni Riccardo"]
[Black "Braschi, Giancarlo"]
[Result "0-1"]
[WhiteElo "1706"]
[BlackElo "2201"]
[PlyCount "74"]
[EventDate "2005.08.20"]

1.d4 c5 2.d5 Nf6 3.c4 e6 4.Nc3 exd5 5.cxd5 d6 6.e4 g6 7.Nf3 a6 8.a4 Bg4 9.
Be2 Bxf3 10.Bxf3 Nbd7 11.O-O Bg7 12.Be2 O-O 13.f4 Re8 14.Bf3 c4 15.Be3 Rc8
16.Re1 b5 17.axb5 axb5 18.Nxb5 Nxe4 19.Bxe4 Rxe4 20.Nxd6 Rxe3 21.Rxe3 Qb6 
22.Nxc8 Qxe3+ 23.Kh1 Bxb2 24.Rb1 c3 25.Qc2 Nc5 26.d6 Nd3 27.d7 Qd4 28.Nb6 
Kg7 29.Na4 Nb4 30.Qd1 Nd3 31.Qc2 Nb4 32.Qd1 Nd3 33.Qc2 Nf2+ 34.Kg1 Nd1+ 
35.Kh1 Ne3 36.Nxb2 Nxc2 37.Rd1 cxb2 0-1

[Event "XIII C.to Italiano U20"]
[Site "Bratto - Castione della Presolana ITA"]
[Date "2005.08.24"]
[Round "5"]
[White "Stips, Felix"]
[Black "Hellweger, Stefan"]
[Result "1-0"]
[WhiteElo "1650"]
[BlackElo "1685"]
[PlyCount "89"]
[EventDate "2005.08.20"]

1.e4 e5 2.Nf3 Nc6 3.Bb5 d6 4.d4 exd4 5.Nxd4 Bd7 6.Be3 Nge7 7.Nc3 a6 8.Ba4 
g6 9.f3 Bg7 10.Qd2 O-O 11.Nxc6 Nxc6 12.Bh6 b5 13.Bb3 Na5 14.Bxg7 Nxb3 15.
axb3 Kxg7 16.O-O-O Kg8 17.e5 Be6 18.exd6 cxd6 19.Qxd6 Qa5 20.Kb1 Rfd8 21.
Qe5 Rxd1+ 22.Rxd1 Rd8 23.Re1 Qb6 24.Ne4 Qd4 25.Qxd4 Rxd4 26.Kc1 Rd8 27.Nc5
Bc8 28.Re7 a5 29.Nb7 Bxb7 30.Rxb7 Rd5 31.Ra7 b4 32.c3 bxc3 33.bxc3 Re5 34.
c4 Re3 35.Kc2 Re2+ 36.Kd3 Rxg2 37.c5 Rxh2 38.c6 Rh5 39.Kd4 Rh1 40.Rxa5 Rc1
41.Rc5 Ra1 42.c7 Ra8 43.c8=Q+ Rxc8 44.Rxc8+ Kg7 45.b4 1-0

[Event "XIII C.to Italiano U20"]
[Site "Bratto - Castione della Presolana ITA"]
[Date "2005.08.24"]
[Round "5"]
[White "Tomassini, Ubaldo"]
[Black "Ferrante, Marco"]
[Result "0-1"]
[WhiteElo "1772"]
[BlackElo "2113"]
[PlyCount "80"]
[EventDate "2005.08.20"]

1.e4 e6 2.d4 d5 3.exd5 exd5 4.Nf3 Bd6 5.Bd3 Bg4 6.c3 c6 7.Be3 Qc7 8.Nbd2 
Nd7 9.Qc2 Ngf6 10.Nh4 O-O-O 11.h3 Be6 12.O-O-O Nh5 13.Ndf3 Nf4 14.g3 Nxd3+
15.Qxd3 g6 16.Rde1 h5 17.Ng5 Rde8 18.Re2 Nf6 19.Rhe1 Ne4 20.Ng2 Bf5 21.Qd1
Nxg5 22.Bxg5 Rxe2 23.Qxe2 Bxh3 24.Nf4 Bg4 25.Qe3 Bd7 26.Nd3 Re8 27.Ne5 Bf5
28.Qd2 Bxe5 29.f4 Kd7 30.fxe5 Qa5 31.b3 Qa3+ 32.Qb2 Qxb2+ 33.Kxb2 Rc8 34.
Rc1 c5 35.a3 Ke6 36.b4 cxb4 37.cxb4 Rxc1 38.Kxc1 Be4 39.Kd2 Kf5 40.Ke3 
Kxg5 0-1

[Event "XIII C.to Italiano U20"]
[Site "Bratto - Castione della Presolana ITA"]
[Date "2005.08.24"]
[Round "5"]
[White "Truzzi, Stefano"]
[Black "Lai, Luca"]
[Result "0-1"]
[WhiteElo "1518"]
[BlackElo "1871"]
[PlyCount "58"]
[EventDate "2005.08.20"]

1.d4 d5 2.e3 Bf5 3.Nf3 f6 4.b3 g5 5.Ba3 Nh6 6.Nbd2 c6 7.c4 Bg7 8.cxd5 cxd5
9.Bb5+ Nd7 10.Qe2 O-O 11.O-O a6 12.Bd3 Rf7 13.Bxf5 Nxf5 14.Rac1 g4 15.Ne1 
h5 16.g3 e5 17.Qd3 e4 18.Qc3 Nf8 19.Ng2 Ne6 20.Qb2 Ng5 21.Nf4 h4 22.Rc3 
Bh6 23.Rc5 Rd7 24.Kg2 b6 25.Rc3 Kf7 26.Qc2 Nf3 27.Nxf3 gxf3+ 28.Kg1 Bxf4 
29.gxf4 Qg8+ 0-1

[Event "XIII C.to Italiano U20"]
[Site "Bratto - Castione della Presolana ITA"]
[Date "2005.08.25"]
[Round "6"]
[White "Amato, Andrea"]
[Black "Ronchetti, Niccolo'"]
[Result "0-1"]
[WhiteElo "2286"]
[BlackElo "2395"]
[PlyCount "68"]
[EventDate "2005.08.20"]

1.e4 c5 2.c3 d5 3.exd5 Qxd5 4.d4 Nf6 5.Nf3 Bg4 6.Qa4+ Bd7 7.Qb3 cxd4 8.Bc4
Qe4+ 9.Kf1 e6 10.Nxd4 Nc6 11.Nd2 Qg6 12.Qxb7 Rb8 13.Qc7 Rc8 14.Qg3 Nxd4 
15.cxd4 Bb4 16.Bd3 Qh5 17.Qe5 Qd1+ 18.Qe1 Qg4 19.Qe5 Rxc1+ 20.Rxc1 Bxd2 
21.h3 Qh4 22.Rc2 Bf4 23.Qc5 Qh5 24.Qxh5 Nxh5 25.g3 Bd6 26.Kg2 Nf6 27.Bb5 
Ke7 28.Bxd7 Kxd7 29.Rhc1 Rb8 30.a3 Rb3 31.Rc8 Rxb2 32.Ra8 Bb8 33.Rc3 Nd5 
34.Rf3 f6 0-1

[Event "XIII C.to Italiano U20"]
[Site "Bratto - Castione della Presolana ITA"]
[Date "2005.08.25"]
[Round "6"]
[White "Bellemo, Davide"]
[Black "Boscolo, Marco"]
[Result "1-0"]
[WhiteElo "1847"]
[BlackElo "2006"]
[PlyCount "67"]
[EventDate "2005.08.20"]

1.d4 c5 2.d5 e5 3.e4 d6 4.Nc3 g6 5.Bb5+ Bd7 6.Bxd7+ Qxd7 7.Nge2 Bg7 8.O-O 
Ne7 9.f4 exf4 10.Bxf4 O-O 11.a4 a6 12.Qd2 Qc7 13.e5 Qd8 14.exd6 Nf5 15.Ne4
Re8 16.N2c3 Qa5 17.Rae1 Nd7 18.Kh1 b5 19.axb5 axb5 20.b3 Rac8 21.g4 Nd4 
22.Bh6 b4 23.Na4 Qa8 24.Bxg7 Kxg7 25.Naxc5 Qxd5 26.Nxd7 Rxc2 27.Qf4 f5 28.
gxf5 Nxf5 29.Nf6 Qc6 30.Nxe8+ Qxe8 31.Ng5 Re2 32.Rxe2 Qxe2 33.d7 Qd3 34.
d8=Q 1-0

[Event "XIII C.to Italiano U20"]
[Site "Bratto - Castione della Presolana ITA"]
[Date "2005.08.25"]
[Round "6"]
[White "Bonagura, Stefano"]
[Black "Romano, Zeno"]
[Result "1-0"]
[WhiteElo "2018"]
[BlackElo "1860"]
[PlyCount "43"]
[EventDate "2005.08.20"]

1.d4 d5 2.c4 e6 3.Nc3 Nf6 4.Bg5 Be7 5.Nf3 O-O 6.e3 h6 7.Bh4 b6 8.cxd5 Nxd5
9.Bxe7 Qxe7 10.Qc2 Bb7 11.a3 a5 12.Rc1 Nd7 13.Bd3 c5 14.O-O cxd4 15.Nxd5 
Bxd5 16.e4 Bb7 17.Qc7 Ba6 18.Bxa6 Rxa6 19.Ne5 f6 20.Qxd7 Qxd7 21.Nxd7 Rd8 
22.Rc7 1-0

[Event "XIII C.to Italiano U20"]
[Site "Bratto - Castione della Presolana ITA"]
[Date "2005.08.25"]
[Round "6"]
[White "Borsato, Federico"]
[Black "Valsecchi, Alessio"]
[Result "1/2-1/2"]
[WhiteElo "1811"]
[BlackElo "1945"]
[PlyCount "104"]
[EventDate "2005.08.20"]

1.e4 c5 2.Nf3 d6 3.d4 cxd4 4.Nxd4 Nf6 5.Nc3 g6 6.Bc4 Bg7 7.Be3 Nc6 8.Qd2 
Ng4 9.Nb3 Nxe3 10.Qxe3 O-O 11.O-O Ne5 12.Be2 Be6 13.Nd5 Rc8 14.c3 Nc6 15.
Rad1 b6 16.Ba6 Rb8 17.Qe2 Bc8 18.Bxc8 Rxc8 19.f4 Qd7 20.Rfe1 Qb7 21.Qb5 e6
22.Nb4 a6 23.Qxa6 Qxa6 24.Nxa6 Ra8 25.Rxd6 Rxa6 26.Rxc6 Rxa2 27.Re2 b5 28.
Kf2 Rb8 29.Nc1 Ra1 30.Nd3 Bf8 31.Ne5 Ra7 32.b4 Bg7 33.Nf3 Ra3 34.e5 Ra7 
35.Rd2 Bf8 36.Ng5 Rab7 37.Ne4 Be7 38.Nc5 Bxc5+ 39.Rxc5 Kf8 40.Kg3 Ke7 41.
Kg4 Kf8 42.h4 h5+ 43.Kf3 Ke7 44.g4 Rh8 45.gxh5 Rxh5 46.Kg4 Rh8 47.Ra2 Rd8 
48.Ra5 Rdb8 49.h5 gxh5+ 50.Kxh5 Rg8 51.Ra6 Rg1 52.Ra8 f5 1/2-1/2

[Event "XIII C.to Italiano U20"]
[Site "Bratto - Castione della Presolana ITA"]
[Date "2005.08.25"]
[Round "6"]
[White "Bosi, Clint"]
[Black "Castellano, Fabio Marco"]
[Result "1-0"]
[WhiteElo "2025"]
[BlackElo "1893"]
[PlyCount "43"]
[EventDate "2005.08.20"]

1.e4 c5 2.f4 d5 3.exd5 Qxd5 4.Nc3 Qd8 5.Nf3 Nf6 6.Ne5 Nbd7 7.Qf3 a6 8.Bc4 
e6 9.d3 Bd6 10.Nxd7 Bxd7 11.Qxb7 O-O 12.O-O a5 13.Qf3 Rb8 14.b3 Qc7 15.Bb2
e5 16.f5 e4 17.Nxe4 Nxe4 18.Qxe4 Bxh2+ 19.Kh1 Rbe8 20.Qh4 Bg3 21.Qg5 Be5 
22.f6 1-0

[Event "XIII C.to Italiano U20"]
[Site "Bratto - Castione della Presolana ITA"]
[Date "2005.08.25"]
[Round "6"]
[White "Bove, Alessandro"]
[Black "Navarro, Stefano"]
[Result "1-0"]
[WhiteElo "2137"]
[BlackElo "2209"]
[PlyCount "79"]
[EventDate "2005.08.20"]

1.e4 e5 2.f4 exf4 3.d4 Qh4+ 4.Ke2 d6 5.Nf3 Bg4 6.Nc3 Nc6 7.Bxf4 O-O-O 8.
Ke3 Bxf3 9.gxf3 g5 10.Bg3 Qh5 11.Nd5 Bg7 12.c3 f5 13.Kd3 Nf6 14.Nxf6 Bxf6 
15.Kc2 f4 16.Bf2 Kb8 17.Be2 Qf7 18.Kd2 h5 19.Qa4 Ne7 20.Qb3 Qxb3 21.axb3 
Rdg8 22.h3 Ng6 23.Bc4 Rg7 24.Rag1 Nf8 25.Rg2 Rh6 26.Rhg1 Rhg6 27.Bd3 Rh6 
28.h4 Nh7 29.Bc4 Kc8 30.Be6+ Kd8 31.Bf5 Be7 32.Ke2 Ke8 33.Be1 Kf7 34.Bd2 
Rf6 35.hxg5 Rxf5 36.exf5 Bxg5 37.Bxf4 Kf6 38.Kd3 h4 39.Bh2 h3 40.Rg4 1-0

[Event "XIII C.to Italiano U20"]
[Site "Bratto - Castione della Presolana ITA"]
[Date "2005.08.25"]
[Round "6"]
[White "Braschi, Giancarlo"]
[Black "Corsino, Gianluca"]
[Result "1-0"]
[WhiteElo "2201"]
[BlackElo "2053"]
[PlyCount "99"]
[EventDate "2005.08.20"]

1.d4 Nf6 2.c4 g6 3.Nc3 d5 4.Nf3 Bg7 5.Bg5 Ne4 6.cxd5 Nxc3 7.bxc3 Qxd5 8.e3
c5 9.Bd3 cxd4 10.cxd4 Nc6 11.O-O Bg4 12.Rb1 Bxf3 13.Qxf3 Qxg5 14.Rxb7 Nxd4
15.exd4 O-O 16.d5 Be5 17.g3 Rfb8 18.h4 Qf6 19.Qxf6 Bxf6 20.Rfb1 Rxb7 21.
Rxb7 Kf8 22.d6 exd6 23.Bc4 Be7 24.Bd5 Rc8 25.Rxa7 Rc1+ 26.Kg2 Rd1 27.Bb3 
Rd2 28.Ra5 Bd8 29.Ra8 Ke8 30.Bxf7+ Kxf7 31.Rxd8 Rxa2 32.Rxd6 Ke7 33.Rb6 
Rd2 34.Rb7+ Rd7 35.Rxd7+ Kxd7 36.Kf3 Ke7 37.g4 Kd6 38.Kf4 Ke6 39.Ke4 Kd6 
40.f3 Ke6 41.f4 Kf6 42.g5+ Ke6 43.h5 gxh5 44.f5+ Kd6 45.Kf4 h4 46.Kg4 Ke5 
47.f6 Ke6 48.Kxh4 h6 49.Kh5 hxg5 50.Kg6 1-0

[Event "XIII C.to Italiano U20"]
[Site "Bratto - Castione della Presolana ITA"]
[Date "2005.08.25"]
[Round "6"]
[White "Brunello, Sabino"]
[Black "Napoli, Nicolo'"]
[Result "1-0"]
[WhiteElo "2373"]
[BlackElo "2225"]
[PlyCount "119"]
[EventDate "2005.08.20"]

1.e4 g6 2.d4 Bg7 3.Nc3 c6 4.Bc4 d6 5.Qf3 e6 6.Bf4 b5 7.Bb3 Qe7 8.O-O-O e5 
9.Be3 Nf6 10.h3 O-O 11.dxe5 dxe5 12.g4 a5 13.a4 Be6 14.Bxe6 fxe6 15.Qe2 b4
16.Nb1 Nxe4 17.Nd2 Nf6 18.Qc4 Nbd7 19.Ngf3 Nd5 20.Rhe1 Rac8 21.Bg5 Qf7 22.
Bh4 h6 23.Bg3 N5b6 24.Qe2 e4 25.Qxe4 Nxa4 26.Ne5 Nxe5 27.Bxe5 Nc5 28.Qc4 
Nb7 29.Bxg7 Kxg7 30.Rxe6 Rfe8 31.Rxe8 Rxe8 32.Qxc6 Re5 33.Nb3 Re7 34.Qb5 
Qxf2 35.Nxa5 Nxa5 36.Qxa5 Ra7 37.Qe5+ Kh7 38.Kb1 Qf3 39.Qd5 Qxh3 40.Qd4 
Rb7 41.Qe4 Rc7 42.Qxb4 Qg2 43.Qa4 Re7 44.Qd4 Qe2 45.b3 Rc7 46.Rd2 Qa6 47.
Qd8 Qc6 48.Re2 Qc5 49.Rd2 Qc6 50.Qd6 Qc3 51.Re2 Qg7 52.Qe5 Qd7 53.Rd2 Qc6 
54.Rh2 Qd7 55.Qf4 Kg8 56.Qxh6 Qd1+ 57.Qc1 Qxg4 58.Qe1 Rf7 59.Qe5 Qg1+ 60.
Kb2 1-0

[Event "XIII C.to Italiano U20"]
[Site "Bratto - Castione della Presolana ITA"]
[Date "2005.08.25"]
[Round "6"]
[White "Covolan, Stefano"]
[Black "Tomassini, Ubaldo"]
[Result "1/2-1/2"]
[WhiteElo "1691"]
[BlackElo "1772"]
[PlyCount "85"]
[EventDate "2005.08.20"]

1.e4 c5 2.Nf3 d6 3.d4 cxd4 4.Nxd4 Nf6 5.Nc3 g6 6.Be2 Bg7 7.O-O O-O 8.f4 
Nc6 9.Be3 Bd7 10.Bf3 Rc8 11.g4 Qb6 12.Rb1 Nxg4 13.Bxg4 Bxg4 14.Qxg4 Bxd4 
15.Bxd4 Qxd4+ 16.Kh1 Qc4 17.h4 Nb4 18.Qg2 e6 19.a3 Na6 20.h5 Rc5 21.hxg6 
Rh5+ 22.Kg1 hxg6 23.Rf3 Kg7 24.f5 Rfh8 25.fxg6 f6 26.Rbf1 Qd4+ 27.R1f2 Rg5
28.Rg3 Rh6 29.Rxg5 fxg5 30.Qf3 Rxg6 31.Qf7+ Kh6 32.Kh1 g4 33.Qf8+ Qg7 34.
Qf4+ Rg5 35.Qxd6 Rg6 36.Qf4+ Kh7 37.Qf7 g3 38.Qxg7+ Kxg7 39.Rf3 g2+ 40.Kg1
Nc5 41.Rf2 a6 42.Rxg2 Rxg2+ 43.Kxg2 1/2-1/2

[Event "XIII C.to Italiano U20"]
[Site "Bratto - Castione della Presolana ITA"]
[Date "2005.08.25"]
[Round "6"]
[White "Cozzarin, Davide"]
[Black "Gatterer, Matthias"]
[Result "1-0"]
[WhiteElo "1646"]
[BlackElo "1917"]
[PlyCount "119"]
[EventDate "2005.08.20"]

1.c4 Nf6 2.b3 e6 3.Bb2 d5 4.e3 Be7 5.Nf3 O-O 6.Nc3 Nbd7 7.d4 b6 8.g3 Bb7 
9.Bg2 dxc4 10.bxc4 c5 11.d5 exd5 12.cxd5 Nb8 13.e4 b5 14.Nd2 Qd7 15.O-O c4
16.Ne2 Rc8 17.Rc1 Na6 18.a4 Nb4 19.axb5 Qxb5 20.Nd4 Qa6 21.Nf5 Bd8 22.Bc3 
Na2 23.Rc2 Nxc3 24.Rxc3 Rc5 25.Qc2 Rac8 26.Rc1 Nd7 27.Rxc4 Rxc4 28.Nxc4 
Ne5 29.Nfd6 Rc5 30.Bf1 Nxc4 31.Nxc4 Qh6 32.Qb2 Ba6 33.Ne3 Rxc1 34.Qxc1 
Bxf1 35.Qxf1 Bb6 36.Qc4 Qd6 37.Qc8+ Qf8 38.Qxf8+ Kxf8 39.Nc4 Bd4 40.Kf1 
Bc3 41.Ke2 Ke7 42.Kd3 Be1 43.f3 f6 44.Kc2 h5 45.Kb3 Kd7 46.Ne3 g6 47.Kc4 
Bf2 48.Nd1 Bg1 49.h3 Kd6 50.Nb2 g5 51.Nd3 Be3 52.f4 gxf4 53.gxf4 Bg1 54.
e5+ fxe5 55.fxe5+ Kd7 56.d6 a5 57.Kd5 Bh2 58.e6+ Kd8 59.Ne5 Kc8 60.d7+ 1-0

[Event "XIII C.to Italiano U20"]
[Site "Bratto - Castione della Presolana ITA"]
[Date "2005.08.25"]
[Round "6"]
[White "De Nardi, Riccardo"]
[Black "Chinello, Gianmarco"]
[Result "0-1"]
[WhiteElo "1717"]
[BlackElo "2070"]
[PlyCount "68"]
[EventDate "2005.08.20"]

1.e4 e5 2.Nf3 Nc6 3.d4 exd4 4.Bc4 Nf6 5.O-O Nxe4 6.Re1 d5 7.Bxd5 Qxd5 8.
Nc3 Qa5 9.Nxe4 Be6 10.Neg5 O-O-O 11.Nxe6 fxe6 12.Rxe6 Bd6 13.Bg5 Rde8 14.
Qe2 Kd7 15.Re1 Qxe1+ 16.Qxe1 Rxe6 17.Qd2 Rhe8 18.Kf1 Kc8 19.a3 h6 20.Bh4 
g5 21.Bg3 Bxg3 22.hxg3 Re4 23.Kg1 b6 24.Qd3 Kb7 25.b4 g4 26.b5 Nd8 27.Nxd4
Re1+ 28.Kh2 Rb1 29.Ne2 Re5 30.Ng1 Ne6 31.f4 Ree1 32.Qd5+ Kb8 33.Qc6 Nd8 
34.Qd7 Rbd1 0-1

[Event "XIII C.to Italiano U20"]
[Site "Bratto - Castione della Presolana ITA"]
[Date "2005.08.25"]
[Round "6"]
[White "Drezzadore, Dario"]
[Black "Perico', Alessandro"]
[Result "1-0"]
[WhiteElo "2019"]
[BlackElo "1736"]
[PlyCount "81"]
[EventDate "2005.08.20"]

1.e4 g6 2.d4 Bg7 3.Nc3 d6 4.Be2 Nf6 5.Nf3 O-O 6.O-O Nbd7 7.e5 Ne8 8.Bc4 
Nb6 9.Bb3 d5 10.Ne1 e6 11.Ne2 Qe7 12.f4 c5 13.c3 Bd7 14.Be3 cxd4 15.cxd4 
Bh8 16.g4 f6 17.Nd3 Nc4 18.Bxc4 dxc4 19.Nc5 Bc6 20.Ng3 b6 21.Nce4 Qd7 22.
Qe2 Rc8 23.h4 f5 24.gxf5 gxf5 25.Ng5 h6 26.Nf3 Kf7 27.Kf2 Qd5 28.Rg1 Rg8 
29.Nd2 Rg4 30.Nge4 Rxh4 31.Nf3 Rxf4 32.Bxf4 Qxe4 33.Qxe4 Bxe4 34.Bxh6 Rd8 
35.Ng5+ Kg6 36.Nxe4+ Kxh6 37.Rh1+ Kg7 38.Rag1+ Kf7 39.Ng5+ Ke7 40.Rxh8 
Rxd4 41.Rh7+ 1-0

[Event "XIII C.to Italiano U20"]
[Site "Bratto - Castione della Presolana ITA"]
[Date "2005.08.25"]
[Round "6"]
[White "Ferrante, Marco"]
[Black "Fortino, Fabrizio"]
[Result "1-0"]
[WhiteElo "2113"]
[BlackElo "1965"]
[PlyCount "45"]
[EventDate "2005.08.20"]

1.e4 c5 2.Nf3 Nc6 3.Bb5 g6 4.c3 Bg7 5.d4 cxd4 6.cxd4 Qb6 7.Nc3 Nxd4 8.Nd5 
Nxf3+ 9.gxf3 Qd8 10.Qc2 Rb8 11.Bf4 e5 12.Qc5 Ne7 13.Bg5 f6 14.Bxf6 Bxf6 
15.Nxf6+ Kf7 16.Qxe5 d6 17.Bc4+ Kg7 18.Qc3 Kh6 19.Rg1 b5 20.Qd2+ Kg7 21.
Nh5+ Kf8 22.Qh6+ Ke8 23.Nf6# 1-0

[Event "XIII C.to Italiano U20"]
[Site "Bratto - Castione della Presolana ITA"]
[Date "2005.08.25"]
[Round "6"]
[White "Fezzardi, Emanuele"]
[Black "Rombaldoni, Axel"]
[Result "1/2-1/2"]
[WhiteElo "1970"]
[BlackElo "2137"]
[PlyCount "63"]
[EventDate "2005.08.20"]

1.d4 d5 2.c4 e6 3.Nc3 c6 4.e3 f5 5.Nf3 Nf6 6.g3 Bd6 7.Bg2 O-O 8.O-O Nbd7 
9.b3 b6 10.Qe2 Bb7 11.Bb2 Qe8 12.Nd2 Rc8 13.Rac1 Kh8 14.cxd5 exd5 15.a3 
Qg6 16.b4 Rce8 17.Qd3 Ng4 18.Rfe1 Ndf6 19.Nf1 h5 20.h3 Nh6 21.h4 Ne4 22.
Ne2 Nf7 23.Nf4 Bxf4 24.exf4 Nfd6 25.Nh2 Nc4 26.Rc2 Ba6 27.Bc1 Ned6 28.Ree2
Ne3 29.Qxa6 Nxc2 30.Rxc2 Re1+ 31.Bf1 Nb5 32.Nf3 1/2-1/2

[Event "XIII C.to Italiano U20"]
[Site "Bratto - Castione della Presolana ITA"]
[Date "2005.08.25"]
[Round "6"]
[White "Finocchiaro, Gianluca"]
[Black "Bartolini, Leonardo"]
[Result "1-0"]
[WhiteElo "1730"]
[BlackElo "1580"]
[PlyCount "69"]
[EventDate "2005.08.20"]

1.e4 c6 2.d4 d5 3.exd5 cxd5 4.c4 dxc4 5.Bxc4 Nf6 6.Nf3 e6 7.Nc3 Be7 8.O-O 
O-O 9.d5 exd5 10.Nxd5 Nc6 11.Re1 Nxd5 12.Bxd5 Bb4 13.Re3 Be6 14.Rd3 Bxd5 
15.Rxd5 Qf6 16.Qb3 Qe6 17.Bg5 Rfe8 18.h3 Ba5 19.Rad1 Bb6 20.Rd7 Qxb3 21.
axb3 f6 22.Bh4 Rad8 23.Bg3 Re2 24.Rxd8+ Nxd8 25.Rd7 Rxb2 26.Rd3 Nc6 27.Nh4
Na5 28.Nf5 Rxb3 29.Rd7 Nc6 30.Rxg7+ Kh8 31.Rf7 Kg8 32.Nh6+ Kh8 33.Bh4 Bd4 
34.Nf5 Bb2 35.Rf8# 1-0

[Event "XIII C.to Italiano U20"]
[Site "Bratto - Castione della Presolana ITA"]
[Date "2005.08.25"]
[Round "6"]
[White "Fratino, Lorenzo"]
[Black "Bevilacqua, Andrea"]
[Result "1/2-1/2"]
[WhiteElo "1905"]
[BlackElo "1978"]
[PlyCount "84"]
[EventDate "2005.08.20"]

1.e4 e5 2.d4 exd4 3.Qxd4 Nc6 4.Qe3 Nf6 5.Nc3 Bb4 6.Bd2 O-O 7.O-O-O Re8 8.
Bc4 d6 9.f3 Na5 10.Be2 Bd7 11.g4 Bc5 12.Qf4 Nc6 13.h4 Nd4 14.h5 Bc6 15.g5 
Nd7 16.g6 Qf6 17.Bc4 Qxf4 18.Bxf4 Ne6 19.Nh3 f6 20.Bd2 h6 21.Nf4 Nf8 22.
Ncd5 Kh8 23.Nxe6 Nxe6 24.f4 b5 25.Bb3 Rac8 26.c3 Bb7 27.f5 Nd8 28.Bxh6 
gxh6 29.Nxf6 Be3+ 30.Kc2 Rxe4 31.Rhe1 Kg7 32.Bd5 Kxf6 33.Bxe4 Bxe4+ 34.Kb3
Bf3 35.Rd3 Bf2 36.Re8 Bc6 37.Rh8 Bd7 38.Rf3 Nb7 39.Rxc8 Nc5+ 40.Kc2 Bxc8 
41.Rxf2 Ne4 42.Rf4 d5 1/2-1/2

[Event "XIII C.to Italiano U20"]
[Site "Bratto - Castione della Presolana ITA"]
[Date "2005.08.25"]
[Round "6"]
[White "Frilli, Guido"]
[Black "Lettieri, Giuseppe"]
[Result "0-1"]
[WhiteElo "2120"]
[BlackElo "2251"]
[PlyCount "72"]
[EventDate "2005.08.20"]

1.e4 g6 2.d4 Bg7 3.Nc3 d6 4.Be3 a6 5.a4 Nd7 6.Nge2 Ngf6 7.h3 O-O 8.g4 c5 
9.Bg2 cxd4 10.Bxd4 Ne5 11.O-O Nc6 12.Be3 Bd7 13.Nd5 Nxd5 14.exd5 Ne5 15.
Bd4 b5 16.f4 Nc4 17.b3 Bxd4+ 18.Qxd4 Na5 19.f5 bxa4 20.Nf4 g5 21.Nh5 f6 
22.b4 Nb7 23.c4 a5 24.c5 axb4 25.c6 Nc5 26.cxd7 b3 27.Ng3 a3 28.Ne4 Ra4 
29.Qe3 Nxe4 30.Qxb3 Qa5 31.Bxe4 Qc5+ 32.Kh1 Rxe4 33.Rxa3 Rb4 34.Qf3 Rf4 
35.Rc3 Rxf3 36.Rfxf3 Qxd5 0-1

[Event "XIII C.to Italiano U20"]
[Site "Bratto - Castione della Presolana ITA"]
[Date "2005.08.25"]
[Round "6"]
[White "Ghedin, Emanuele"]
[Black "Rostolis, Riccardo"]
[Result "1-0"]
[WhiteElo "1572"]
[BlackElo "1966"]
[PlyCount "114"]
[EventDate "2005.08.20"]

1.d4 Nf6 2.c4 g6 3.Nc3 Bg7 4.e4 d6 5.f3 O-O 6.Be3 e5 7.d5 Ne8 8.Qd2 f5 9.
O-O-O a5 10.exf5 gxf5 11.Bd3 Na6 12.Nge2 Nc5 13.Bc2 Rb8 14.Bh6 Bd7 15.Bxg7
Kxg7 16.f4 e4 17.Nd4 Nf6 18.h3 c6 19.Na4 cxd5 20.cxd5 Nxa4 21.Bxa4 Nxd5 
22.Nxf5+ Rxf5 23.Bxd7 Qxd7 24.g4 Qc6+ 25.Kb1 e3 26.Qd4+ Rf6 27.g5 e2 28.
gxf6+ Kf8 29.Qxd5 exd1=Q+ 30.Rxd1 Qxd5 31.Rxd5 Rd8 32.Rxa5 Kf7 33.Rh5 Kg6 
34.Rb5 Rd7 35.Kc2 Kxf6 36.Kd3 Kf7 37.Ke4 Ke6 38.Kd4 Rf7 39.f5+ Kf6 40.Rb6 
Kxf5 41.Rxd6 Kf4 42.Kc5 Kg3 43.Rd3+ Kg2 44.Kb6 h5 45.Rb3 h4 46.a4 Rg7 47.
a5 Rg3 48.Rb5 Rxh3 49.Kxb7 Rf3 50.a6 Rf7+ 51.Kb6 h3 52.a7 Rf6+ 53.Ka5 Rf1 
54.Kb4 Rf4+ 55.Ka3 Rf3+ 56.Ka2 h2 57.Rg5+ Kf1 1-0

[Event "XIII C.to Italiano U20"]
[Site "Bratto - Castione della Presolana ITA"]
[Date "2005.08.25"]
[Round "6"]
[White "Hellweger, Stefan"]
[Black "Piccirillo, Edoardo"]
[Result "1-0"]
[WhiteElo "1685"]
[BlackElo "1653"]
[PlyCount "81"]
[EventDate "2005.08.20"]

1.e4 c6 2.d4 d5 3.e5 Bf5 4.Nf3 e6 5.Bd3 Ne7 6.Bg5 Bxd3 7.Qxd3 h6 8.Bd2 Nf5
9.Nc3 Nd7 10.Ne2 Qb6 11.O-O c5 12.c3 Be7 13.Ng3 Nxg3 14.fxg3 Rb8 15.b3 Qc7
16.c4 dxc4 17.Qxc4 O-O 18.Rae1 Nb6 19.Qc2 Rbc8 20.Rc1 Qb8 21.Qe4 Nd5 22.
Qg4 Kh7 23.Qe4+ Kh8 24.g4 cxd4 25.g5 Rxc1 26.Bxc1 Nc3 27.Qd3 hxg5 28.Bxg5 
Qd8 29.Bxe7 Qxe7 30.Kh1 Nxa2 31.Qxd4 a6 32.Qg4 f6 33.Nh4 Qf7 34.Ng6+ Kg8 
35.Nxf8 Kxf8 36.exf6 gxf6 37.Rf2 f5 38.Qd4 e5 39.Qd6+ Ke8 40.Rxa2 Qxb3 41.
Ra1 1-0

[Event "XIII C.to Italiano U20"]
[Site "Bratto - Castione della Presolana ITA"]
[Date "2005.08.25"]
[Round "6"]
[White "Lai, Luca"]
[Black "Cocuzzi, Edoardo"]
[Result "0-1"]
[WhiteElo "1871"]
[BlackElo "1689"]
[PlyCount "88"]
[EventDate "2005.08.20"]

1.e4 e5 2.f4 exf4 3.Nf3 Nc6 4.d4 d6 5.Bxf4 Nf6 6.Nc3 Bg4 7.Qd2 Bxf3 8.gxf3
h6 9.h4 Nh5 10.O-O-O Be7 11.Bh3 Nxf4 12.Qxf4 Bxh4 13.Bd7+ Qxd7 14.Qxh4 Qe7
15.Qf2 a6 16.d5 Ne5 17.f4 Qf6 18.Qg3 Ng6 19.Rhf1 O-O-O 20.Ne2 Kb8 21.Kb1 
Rde8 22.Rd4 Nf8 23.a4 Nd7 24.Qc3 Nc5 25.Ng3 h5 26.Qb4 h4 27.Nf5 Nxe4 28.
Rxe4 Qxf5 29.Rc4 Qxd5 30.Qc3 Qg2 31.Rf3 h3 32.Rxc7 Qg1+ 33.Ka2 Qb6 34.Rxf7
h2 35.a5 Qc6 36.Qxc6 bxc6 37.Rb3+ Ka8 38.Rbb7 Re6 39.f5 h1=Q 40.fxe6 Qd5+ 
41.b3 Qxa5+ 42.Kb2 Rh1 43.b4 Qa1+ 44.Kb3 Rh3+ 0-1

[Event "XIII C.to Italiano U20"]
[Site "Bratto - Castione della Presolana ITA"]
[Date "2005.08.25"]
[Round "6"]
[White "Lain, Luigi"]
[Black "Lapiccirella, Daniele"]
[Result "0-1"]
[WhiteElo "2254"]
[BlackElo "2120"]
[PlyCount "60"]
[EventDate "2005.08.20"]

1.d4 d5 2.c4 c6 3.Nc3 Nf6 4.Nf3 e6 5.e3 Nbd7 6.Bd3 dxc4 7.Bxc4 b5 8.Bd3 
Bd6 9.O-O O-O 10.a3 Bb7 11.e4 e5 12.Bg5 exd4 13.Nxd4 Ne5 14.Be2 Bc5 15.Nf5
Qxd1 16.Rfxd1 a5 17.Rac1 Bb6 18.Rd6 b4 19.Bxf6 gxf6 20.Na4 Bc7 21.Rxf6 
Rad8 22.f4 Rd2 23.Kf1 Nd7 24.Ne7+ Kg7 25.Rf5 Re8 26.Nxc6 Rxe4 27.Bf3 Rxf4 
28.Rxf4 Bxf4 29.axb4 axb4 30.Rc4 Ba6 0-1